000 00744nam a2200289Ia 4500
005 20260324122125.0
008 008 260324s9999 xx 000 0 eng d
020 _a9781315555843
037 _aEBOOK
040 _aCRL
040 _beng
040 _cCRL
041 _2eng
041 _aeng
084 _qCRL
100 _aLucia Coppolaro
_91165209
245 4 _aThe Making of a World Trading Power
245 4 _bThe European Economic Community (EEC) in the GATT Kennedy Round Negotiations (1963–67)
260 _bTaylor and Francis
260 _c2013
365 _a
365 _b240
856 _uhttp://www.taylorfrancis.com/books/9781315555843
942 _cEBOOK
999 _c1757721
_d1757721